Tribunais de contas, políticas públicas e unidade legística : (Record no. 161)

MARC details
000 -LÍDER
Campo Fixo de Controle 00830cam a2200241 a 4500
001 - NÚMERO DE CONTROLE
Campo de Controle 161
003 - IDENTIFICAÇÃO DO NÚMERO DE CONTROLE
Campo de Controle BR-CuiBMT
005 - DATA E HORA DA ÚLTIMA ATUALIZAÇÃO
Campo de Controle 20231127195804.0
008 - DADOS FIXOS
Dados Fixos 230822s2021 mgba 000 0 por d
020 ## - INTERNATIONAL STANDARD BOOK NUMBER
Nº do ISBN 9786555181906
040 ## - AGÊNCIA CATALOGADORA
Código da Agência Catalogadora BR-CuiBMT
Agência que transcreveu o registro BR-CuiBMT
080 ## - Nº DA CLASSIFICAÇÃO DECIMAL UNIVERSAL
Nº Class. CDU 35.073.52
Nº edição CDU 2007
090 ## - NÚMERO DE CHAMADA
Nº classificação 35.073.52
Cutter G635t
100 1# - ENTRADA PRINCIPAL -- AUTOR PESSOAL
Nome pessoal Gonçalves, André Luiz de Matos
245 10 - TÍTULO PRINCIPAL
Título principal Tribunais de contas, políticas públicas e unidade legística :
Subtítulo problemas e propostas de atuação acoplada na fiscalização orçamentária para a segurança jurídica /
Indicação de responsabilidade André Luiz de Matos Gonçalves.
260 ## - PUBLICAÇÃO, DISTRIBUIÇÃO, ETC.
Local de publicação Belo Horizonte :
Editora Fórum,
Data 2021.
300 ## - DESCRIÇÃO FÍSICA
N. páginas ou volumes 454 p. :
Ilustrações il. ;
Dimensões 22 cm
504 ## - NOTA DE BIBLIOGRAFIA, ETC.
Nota de bibliografia Inclui bibliografia.
650 ## - ASSUNTO TÓPICO
Cabeçalho tópico ou nome geográfico Tribunais de contas
650 ## - ASSUNTO TÓPICO
Cabeçalho tópico ou nome geográfico Direito público
650 ## - ASSUNTO TÓPICO
Cabeçalho tópico ou nome geográfico Políticas públicas
942 ## - ELEMENTOS DE ENTRADA ADICIONAIS (KOHA)
Fonte de classificação ou esquema de arquivamento Classificação Decimal Universal
Tipo de item do Koha Livros
Holdings
Estado: removido Estado: perdido Fonte de classificação ou esquema de arquivamento Estado: danificado Indisponível para empréstimo Localização permanente Localização atual Data de aquisição Total Checkouts Número de Chamada completo Código de barras Date last seen Número do exemplar Preço efetivo a partir de Tipo de item (Koha)
    Classificação Decimal Universal     Biblioteca da Escola Superior de Contas do TCE/MT Biblioteca da Escola Superior de Contas do TCE/MT 28/06/2023   35.073.52 G635t BIBTCEMT23080138 22/08/2023 Ex. 1 22/08/2023 Livros
    Classificação Decimal Universal     Biblioteca da Escola Superior de Contas do TCE/MT Biblioteca da Escola Superior de Contas do TCE/MT 28/11/2023   35.073.52 G635t BIBTCEMT23111238 28/11/2023 Ex. 2 28/11/2023 Livros
    Classificação Decimal Universal     Biblioteca da Escola Superior de Contas do TCE/MT Biblioteca da Escola Superior de Contas do TCE/MT 28/11/2023   35.073.52 G635t BIBTCEMT23111239 28/11/2023 Ex. 3 28/11/2023 Livros
    Classificação Decimal Universal     Biblioteca da Escola Superior de Contas do TCE/MT Biblioteca da Escola Superior de Contas do TCE/MT 28/11/2023   35.073.52 G635t BIBTCEMT23111240 28/11/2023 Ex. 4 28/11/2023 Livros
    Classificação Decimal Universal     Biblioteca da Escola Superior de Contas do TCE/MT Biblioteca da Escola Superior de Contas do TCE/MT 28/11/2023   35.073.52 G635t BIBTCEMT23111241 28/11/2023 Ex. 5 28/11/2023 Livros

Powered by Koha